Restoration Revolution Reaction : Economics and Politics in Germany 1818 - 1871/
Kaydedildi:
| Yazar: | |
|---|---|
| Materyal Türü: | Sách giấy |
| Dil: | English |
| Baskı/Yayın Bilgisi: |
New Jersey :
Princeton University Press,
1958
|
| Etiketler: |
Etiketle
Etiket eklenmemiş, İlk siz ekleyin!
|
| Thư viện lưu trữ: | Thư viện Trường Đại học Đà Lạt |
|---|
| LEADER | 00733nam a2200289 4500 | ||
|---|---|---|---|
| 001 | DLU040028201 | ||
| 020 | # | # | |a 0691007551 |
| 040 | # | # | |a dlu |b vie |
| 041 | # | # | |a eng |
| 044 | # | # | |a US |
| 082 | # | # | |a 330.943 |b HA-T |
| 100 | # | # | |a Hamerow, Theodore S. |
| 245 | # | # | |a Restoration Revolution Reaction : |b Economics and Politics in Germany 1818 - 1871/ |c Theodore S. Hamerow |
| 260 | # | # | |a New Jersey : |b Princeton University Press, |c 1958 |
| 300 | # | # | |a 347p.; |c 21m. |
| 504 | # | # | |a Include index [p.343 - ] |
| 923 | # | # | |a 5/2004 |
| 992 | # | # | |a 7200 |
| 994 | # | # | |a DLU |
| 900 | # | # | |a True |
| 911 | # | # | |a Lê Thị Mạnh Xuân |
| 925 | # | # | |a G |
| 926 | # | # | |a A |
| 927 | # | # | |a SH |
| 980 | # | # | |a Thư viện Trường Đại học Đà Lạt |


